Možnosti ručného 5 - osového programovania v riadiacom systéme Heidenhain iTNC 530

Na minha lista:
Detalhes bibliográficos
Autor principal: Pätoprstý, Boris (Author)
Outros Autores: Šimna, Vladimír (Thesis advisor)
Formato: Manuscrito Livro
Idioma:eslovaco
Publicado em: 2016
Assuntos:
Acesso em linha:http://is.stuba.sk/zp/portal_zp.pl?podrobnosti=105805
Tags: Adicionar Tag
Sem tags, seja o primeiro a adicionar uma tag!

MARC

LEADER 00000ntm a22000003a 4500
001 stuzp56327
003 SK-STU
005 20160719154951.7
007 ta
008 150427s2015----xo-----f-mn---000-0-slo-d
040 |a STU  |b slo 
041 0 |a slo 
100 1 |a Pätoprstý, Boris  |u 063000  |4 aut  |U MTF Materiálovotechnologická fakulta  |T MTF Ústav výrobných technológií  |X 71556  |U M3000  |Y 83  |7 71556 
242 0 1 |a Options of manual 5 - axis programming in the control system Heidenhain iTNC 530  |y eng 
245 1 0 |a Možnosti ručného 5 - osového programovania v riadiacom systéme Heidenhain iTNC 530 
260 |c 2016 
650 4 |a 5 osové programovanie  |2 slo 
650 4 |a Heidenhain iTNC 530  |2 slo 
650 4 |a ručné programovanie  |2 slo 
650 4 |a CNC  |2 slo 
650 4 |a obrábanie súčiastok  |2 slo 
650 4 |a CNC  |2 eng 
650 4 |a 5 axis machining  |2 eng 
650 4 |a Heidenhain iTNC 530  |2 eng 
650 4 |a manual programming  |2 eng 
650 4 |a parts machining  |2 eng 
700 1 |a Šimna, Vladimír  |u 063600  |k Z1  |4 ths  |U MTF Ústav výrobných technológií  |T MTF Katedra obrábania a tvárnenia  |X 30333  |U M3600  |Y 841  |7 A000030333 
856 4 |u http://is.stuba.sk/zp/portal_zp.pl?podrobnosti=105805 
996 |c M* BP-7703  |l MMSKP  |s P  |a 0  |w stuzp56327_0001 
SQL |a stuzp56327  |b DBP  |c SLO  |d Možnosti ručného 5 - osového programovania v riadiacom systéme Heidenhain iTNC 530  |e 71556  |f Pätoprstý, Boris  |g 063000  |h 30333  |i Šimna, Vladimír  |j 20160620  |k 174  |l 06  |m http://is.stuba.sk/zp/portal_zp.pl?podrobnosti=105805  |n B-PPT  |o 5.2.51. výrobné technológie